| 000 | 00430nam a2200169 a 4500 | ||
|---|---|---|---|
| 001 | 2374 | ||
| 005 | 20140414131912.0 | ||
| 008 | 050531s19uu xx 00 eng d | ||
| 020 | _a0-86163-490-X | ||
| 050 |
_aER _bC48 1991 |
||
| 245 |
_aCinderella / _cillustrated by Rene Cloke. |
||
| 260 |
_aLondon : _bAward, _c1991. |
||
| 300 | _ap. : ill. ; cm. | ||
| 650 | _aFairy tales. | ||
| 650 | _aChildren stories. | ||
| 999 |
_c111256 _d111256 |
||